Proteomics in cancer research
The unique proteomic features that characterize cancers offer new opportunities for disease prevention and treatment. Despite intense interest, however, proteomics is just beginning to become a part of the cancer research mainstream, as relatively few cancer researchers have training in proteomics m...
Tallennettuna:
| Aineistotyyppi: | Kirja |
|---|---|
| Kieli: | Undetermined |
| Julkaistu: |
Canada
Wiley & Sons
2005
|
| Aiheet: | |
| Tagit: |
Lisää tagi
Ei tageja, Lisää ensimmäinen tagi!
|
| Thư viện lưu trữ: | Trung tâm Học liệu Trường Đại học Cần Thơ |
|---|
| LEADER | 01119nam a2200205Ia 4500 | ||
|---|---|---|---|
| 001 | CTU_152429 | ||
| 008 | 210402s9999 xx 000 0 und d | ||
| 020 | |c 108.95 | ||
| 082 | |a 616.99 | ||
| 082 | |b P967 | ||
| 245 | 0 | |a Proteomics in cancer research | |
| 245 | 0 | |c Edited by Daniel C. Liebler | |
| 260 | |a Canada | ||
| 260 | |b Wiley & Sons | ||
| 260 | |c 2005 | ||
| 520 | |a The unique proteomic features that characterize cancers offer new opportunities for disease prevention and treatment. Despite intense interest, however, proteomics is just beginning to become a part of the cancer research mainstream, as relatively few cancer researchers have training in proteomics methods and approaches. This book, therefore, is both a timely and an essential guide that will help readers understand key concepts of proteomics and use its methods to search for ways to both cure and prevent cancer. | ||
| 650 | |a Tumor proteins,Cancer,Khối u,Bệnh ung thư | ||
| 650 | |x Research,Methodology,Nghiên cứu,Phương pháp | ||
| 904 | |i Hương Sen | ||
| 980 | |a Trung tâm Học liệu Trường Đại học Cần Thơ | ||